000 00515nam a2200169Ia 4500
008 220216s9999 xx 000 0 und d
100 _aDove Michael R
245 0 _aSmallholder rubber and swidden agriculture in Borneo: A sustainable adaptation to the ecology and economy of the tropical forest
260 _bEconomic Botany
_c1993
300 _a136-147
650 _aEcofriendly
650 _aHevea brasiliensis
650 _aRubber
650 _aSmallholder
650 _aSwidden agriculture
942 _cJS
999 _c68769
_d68769